Chem one

Bibliographic Details
Main Authors: Waser, Jürg, Trueblood, Kenneth N., Knobler, Charles M.
Format: Section = Libro
Language:Undetermined
Spanish
Published: New York McGraw-Hill 1976
Subjects:
LEADER 00540nam a2200217Ia 4500
008 240830s9999 xx 000 0 und d
020 |a 0-07-068420-0 
040 |a CEDOC FIQ-RUSB / 540 W313 
041 |a spa 
082 |a 540 W313 
100 1 |a Waser, Jürg 
100 1 |b Trueblood, Kenneth N. 
100 1 |c Knobler, Charles M. 
245 1 0 |a Chem one 
260 |a New York  |b McGraw-Hill  |c 1976 
300 |a 810 p.: il. 
650 7 |a QUÍMICA GENERAL 
650 7 |b  ESTADOS DE AGREGACIÓN 
942 |c BK  |2 ddc 
991 |a TEXTO 
999 |c 13817